| 000 | 01207cam a22002174a 4500 | ||
|---|---|---|---|
| 005 | 20250605164157.0 | ||
| 008 | 250528s ||||||||||||||||||||||||d | ||
| 035 | _a19640 | ||
| 020 | _a9608065097 | ||
| 040 |
_aGR-AtMCL _bgre _dGR-AtMCL _eAACR2 |
||
| 245 | 1 | _aΕΦΑΡΜΟΣΜΕΝΗ ΨΥΧΟΛΟΓΙΑ | |
| 250 | _a6 | ||
| 260 |
_bΖυγός, _c1999 |
||
| 300 | _a348 | ||
| 505 | 0 | _aΓΕΝΙΚΗ ΑΠΟΨΗ ΤΗΣ ΕΠΙΣΤΗΜΗΣ ΔΙΑΜΟΡΦΩΣΗ ΤΗΣ ΣΥΜΠΕΡΙΦΟΡΑΣ ΕΠΑΦΗ ΜΕ ΤΟ ΠΕΡΙΒΑΛΛΟΝ ΑΝΑΠΤΥΞΙΑΚΗ Ή ΕΞΕΛΙΚΤΙΚΗ ΨΥΧΟΛΟΓΙΑ ΔΙΑΠΡΟΣΩΠΙΚΕΣ ΣΧΕΣΕΙΣ ΤΑ ΣΥΝΑΙΣΘΗΜΑΤΑ ΜΑΣ ΨΥΧΟΔΙΑΝΟΗΤΙΚΕΣ ΔΙΕΡΓΑΣΙΕΣ | |
| 520 | _aΓΕΝΙΚΗ ΑΠΟΨΗ ΤΗΣ ΕΠΙΣΤΗΜΗΣ ΔΙΑΜΟΡΦΩΣΗ ΤΗΣ ΣΥΜΠΕΡΙΦΟΡΑΣ ΕΠΑΦΗ ΜΕ ΤΟ ΠΕΡΙΒΑΛΛΟΝ ΑΝΑΠΤΥΞΙΑΚΗ Ή ΕΞΕΛΙΚΤΙΚΗ ΨΥΧΟΛΟΓΙΑ ΔΙΑΠΡΟΣΩΠΙΚΕΣ ΣΧΕΣΕΙΣ ΤΑ ΣΥΝΑΙΣΘΗΜΑΤΑ ΜΑΣ ΨΥΧΟΔΙΑΝΟΗΤΙΚΕΣ ΔΙΕΡΓΑΣΙΕΣ | ||
| 700 | 1 |
_aΠιπεροπουλος Γιωργος _95650 |
|
| 942 | _cBK | ||
| 999 |
_c4896 _d4896 |
||